| 000 | 01426nam0a2200349 4500 | ||
|---|---|---|---|
| 001 | RU\NLR\bibl\1834006 | ||
| 005 | 20250616165558.0 | ||
| 010 |
_a978-5-389-02171-6 _97000 |
||
| 021 |
_aRU _b2011-82851 _95907 |
||
| 035 | _a(NLR Aleph) 001824496 | ||
| 090 |
_a2051727 _c2051727 |
||
| 100 | _a20111115d2012 |||y0rusy50 ca | ||
| 101 | 1 |
_arus _ceng |
|
| 102 | _aRU | ||
| 105 | _aa ||||||||| | ||
| 200 | 1 |
_aКнига знаний в вопросах и ответах _eдинозавры, древний мир, изобретения, звезды и планеты _e[для детей среднего школьного возраста _fавт. текста Уэнди Мадгуик, Робин Керрод _gпер. с англ. Мария Диденко и др. _gхудож. Питер Булл и др.] |
|
| 210 |
_aМосква _cМахаон _d2012 [т.е. 2011] |
||
| 215 |
_a160 с. _cцв. ил. _d28 |
||
| 300 | _aАвт. указаны на обороте тит. л. | ||
| 300 | _aКн. фактически изд. в 2011 г. | ||
| 320 | _aУказ.: с. 158-160 | ||
| 686 |
_aШ9 _bЯ20 |
||
| 700 | 1 |
_aМадгуик _bУ. _gУэнди _4070 |
|
| 701 | 1 |
_aКеррод _bР. _gРобин _4070 |
|
| 702 | 1 |
_aБулл _bП. _gПитер _4040 |
|
| 801 | 0 |
_aRU _bNLR _c20111115 _gRCR |
|
| 801 | 1 |
_aRU _bNLR _c20111115 |
|
| 942 | _cBOOK | ||
| 980 | _aNB | ||
| 980 | _aNBR | ||